Teaching Shakespeare : new approaches from the Folger Shakespeare Library /

Shows a summer institute held at the Folger Shakespeare Library at which scholars, actors and teachers discuss problems of language in Shakespeare, methods of play directing, Elizabethan society and Shakespeare's life and his drama.

Bibliographic Details
Corporate Author: Vineyard Video Productions
Other Authors: Potts, Marjory, Potts, Robert
Format: Video VHS
Language:English
Subjects:

MARC

Tag First Indicator Second Indicator Subfields
LEADER 00000cgm a2200000 a 4500
001 in00000790807
005 20151017065003.0
007 vf cbahou
008 861006s1986 xxu074 g vleng d
035 |a (OCoLC)14346534 
035 |9 ADN5539AM 
040 |a IBS  |c IBS  |d m/c  |d UMC  |d TXA  |d UtOrBLW 
049 |a TXAV [A10169112] 
090 |a PR2987  |b .T43 1986 
245 0 0 |a Teaching Shakespeare :  |b new approaches from the Folger Shakespeare Library /  |c Vineyard Video Productions ; produced and directed by Marjory and Robert Potts ; written by Peggy O'Brien. 
264 0 |a West Tisbury, MA :  |b Vineyard Video Productions,  |c [1986?] 
300 |a 1 videocassette (74 min.) :  |b sound, color ;  |c 1/2 in. 
336 |a two-dimensional moving image  |b tdi  |2 rdacontent 
337 |a video  |b v  |2 rdamedia 
338 |a videocassette  |b vf  |2 rdacarrier 
538 |a VHS. 
508 |a Director of photography, Eric Roland ; editor, Robert Potts ; music, Robert Eisenstein, Christopher Kendall and Scott Reiss. 
520 |a Shows a summer institute held at the Folger Shakespeare Library at which scholars, actors and teachers discuss problems of language in Shakespeare, methods of play directing, Elizabethan society and Shakespeare's life and his drama. 
500 |a Videorecording. 
610 1 0 |a Hooker, Richard,  |d (1553 or 1554-1600) 
600 1 0 |a Shakespeare, William,  |d 1564-1616. 
600 1 0 |a Shakespeare, William,  |d 1564-1616  |x Study and teaching. 
610 2 0 |a Folger Shakespeare Library. 
600 1 0 |a Dramatists, English  |y Early modern, 1500-1700. 
600 1 1 |a Shakespeare, William,  |d 1564-1616. 
700 1 |a Potts, Marjory. 
700 1 |a Potts, Robert. 
710 2 |a Vineyard Video Productions. 
999 |a MARS 
999 f f |s 133eca02-50a3-3a54-ad4d-f43ccd3bb31e  |i 96df301e-5572-380a-9d09-4fea39fa8aa2  |t 0 
952 f f |p ric  |a Texas A&M University  |b Rellis Campus  |c Joint Library Facility  |d Remote Storage  |t 0  |e PR2987 .T43 1986  |h Library of Congress classification  |i video -- videocassette  |m A14827322690 
998 f f |a PR2987 .T43 1986  |t 0  |l Remote Storage